Contentieux administratif
Na minha lista:
| Main Authors: | , |
|---|---|
| Formato: | Livro |
| Idioma: | francês |
| Publicado em: |
París
Dalloz
1990
|
| Edição: | 5a. ed |
| Assuntos: | |
| Tags: |
Adicionar Tag
Sem tags, seja o primeiro a adicionar uma tag!
|
MARC
| LEADER | 00000nam a2200000 a 4500 | ||
|---|---|---|---|
| 001 | UCX7132 | ||
| 003 | CL-VaPUC | ||
| 008 | 931127e19900000FR |||||||||||||||||fre|d | ||
| 082 | 0 | 4 | |a 342 |b DEB |2 21 |
| 100 | 0 | |a Debbasch, Charles |e author |9 323919 | |
| 700 | 0 | |a Ricci, Jean-Claude |e author |9 323920 | |
| 245 | 1 | 0 | |a Contentieux administratif |
| 250 | |a 5a. ed | ||
| 300 | |a 1030 p | ||
| 942 | |c BK | ||
| 945 | |d 19931127 00:00:00 |a nfarias | ||
| 260 | |a París |b Dalloz |c 1990 | ||
| 650 | 0 | |a Derecho administrativo |9 254851 | |
| 583 | |a last modification |c 19931127 00:00:00 |k Rodrigo Vera | ||
| 999 | |c 227033 |d 227031 | ||
| 952 | |0 0 |1 0 |4 0 |6 342_000000000000000_DEB_1990 |7 0 |8 A |9 225789 |a BIBDER |b BIBDER |d 2019-11-15 |i 2944006 |o 342 DEB 1990 |p 2944006 |r 2023-01-25 |w 2019-11-15 |y BK |k DER | ||